Statistiche per OGNI utente JetPunk con un quiz raccomandato in italiano

Clicka qui per fare il quiz!

Statistiche generali

  • Questo quiz è stato fatto 10 volte
  • Il punteggio medio è 4 su 15

Statistiche sulle risposte

#Utente% Corretto
140Quizgas
40%
22Beppe0
40%
6marquez100
40%
1Jato3
40%
3Stewart
30%
3CeliaZ
20%
3Jerry928
20%
3scambigol
20%
1GamerandJerry
20%
1Gassu
20%
1HinesBrothers
20%
3scambiandJerry
10%
2Jiaozira
10%
1KingEureka
10%
1skukka
10%

Distribuzione punteggi

Percentile per numero di risposta

Percentuale di utenti per punteggio

I tuoi punteggi nel tempo

Non hai fatto questo quiz